[Event "Foment Martinenc op-C 22nd"]
[Site "Barcelona"]
[Date "2022.04.23"]
[Round "1"]
[White "Micha Massisimo, Samuel"]
[Black "Bas Cornella, Claudia"]
[Result "1-0"]
[WhiteElo "1700"]
[BlackElo "1468"]
[PlyCount "59"]
[EventDate "2022.04.23"]
[EventType "swiss"]
[EventRounds "9"]
[EventCountry "ESP"]
[SourceTitle "EXT 2023"]
[Source "ChessBase"]
[SourceDate "2022.10.05"]
[SourceVersion "1"]
[SourceVersionDate "2022.10.05"]
[SourceQuality "1"]

1. e4 e5 2. Nc3 Bc5 3. Bc4 Nf6 4. f4 exf4 5. e5 Qe7 6. Qe2 Nc6 7. exf6 gxf6 8. Nd5 Qe5 9. Nxc7+ Kd8 10. Qxe5 Nxe5 11. Nxa8 Nxc4 12. b3 Re8+ 13. Kd1 d6 14. bxc4 Bg4+ 15. Nf3 Bd4 16. Rb1 Bf5 17. Nxd4 Bg4+ 18. Nf3 Re7 19. Re1 Rd7 20. Bb2 b6 21. Bxf6+ Kc8 22. Re8+ Kb7 23. a4 b5 24. Rxb5+ Ka6 25. Rc8 Rb7 26. Rc6+ Rb6 27. Nxb6 Kb7 28. Rxd6 Kb8 29. Nd5+ Kc8 30. Rd8# 1-0